000 01444pam a2200397 a 4500
999 _c117
_d117
005 20180921032230.0
008 110120s2013 nyuab c 6 000 1 eng
010 _a 2010046237
020 _a978743487580:
_bpaperback
040 _beng
_cAPEC Schools Library
_erda
082 0 0 _aFIC
_bSh441f 2004
100 1 _aShelley, Mary
245 1 0 _aFrankenstein, or, the modern prometheus /
_cby Mary Shelley.
246 3 0 _aFrankenstein
246 3 0 _aModern Prometheus
264 _aNew York, NY :
_bSimon & Schuster Paperback ,
_c©2004.
_d[2004].
300 _a324 pages ;
_c18 cm
336 _atext
_2rdacontent
336 _astill image
_2rdacontent
337 _aunmediated
_2rdamedia
338 _avolume
_2rdacarrier
500 _aFormerly CIP.
520 _a"Classic tale of a monster, assembled by a scientist from parts of dead bodies, who develops a mind of his own as he learns to loathe himself and hate his creator."--
650 1 _aGraphic novels.
650 1 _aFrankenstein's monster --
_vFiction
650 1 _aFrankenstein, Victor
_xFictitious character
700 1 _aShelley, Mary Wollstonecraft,
_d1797-1851.
_tFrankenstein.
942 _2ddc
_cBK